| 000 | 00858cab a2200241 4500 | ||
|---|---|---|---|
| 001 | ABS46738 | ||
| 008 | 090401t1992 xxu||||| |||| 00| 0 eng d | ||
| 035 | _a(Sirsi) u59392 | ||
| 041 | _aeng | ||
| 100 | _aBlake, L.W. | ||
| 245 | _aDomestic radon: the legal implications for surveyors | ||
| 260 | _c1992 | ||
| 350 | _a0 | ||
| 490 |
_aStructural Survey _v11(1) Summer 1992, 15-24(6) |
||
| 520 | _aDiscusses the effects of radon on the legal obligations of surveyors and other professionals concerned with the designing, refurbishment and appraisal of houses. Also gives an overview of the problems of radon. References. | ||
| 650 |
_aMeasurement _96256 |
||
| 650 | _aNATIONAL RADIOLOGICAL PROTECTION BOARD | ||
| 650 | _aRADON GAS | ||
| 690 | _aENVIRONMENTAL AND LAND CONSULTANCY | ||
| 700 | _aAdams, P. F. | ||
| 942 | _n0 | ||
| 948 | _c04/03/1997 | ||
| 999 |
_c36444 _d36444 |
||